书目信息 |
| 题名: |
金属管道焊接工艺便携手册
|
|
| 作者: | 柳金海 , 陈百诚 编 | |
| 分册: | ||
| 出版信息: | 北京 机械工业出版社 2005.1 |
|
| 页数: | 364页 | |
| 开本: | 21cm | |
| 丛书名: | ||
| 单 册: | ||
| 中图分类: | TG457.6 | |
| 科图分类: | ||
| 主题词: | 金属--jin shu--管道--焊接工艺--基本知识 , 金属--jin shu , 管道--guan dao , 焊接工艺--han jie gong yi | |
| 电子资源: | ||
| ISBN: | 7-111-15390-1 | |
| 000 | 01166nam0 2200337 450 | |
| 000 | 01176nam0 2200337 450 | |
| 000 | 01139nam0 2200325 450 | |
| 000 | 01122nam0 2200325 450 | |
| 000 | 01085nam0 2200313 45 | |
| 001 | 012005000000 | |
| 005 | 20050908162834.64 | |
| 010 | @a7-111-15390-1@dCNY28.00 | |
| 100 | @a20050120d2005 em y0chiy0121 ea | |
| 101 | 0 | @achi |
| 102 | @aCN@b110000 | |
| 105 | @afk z 000yy | |
| 200 | 1 | @a金属管道焊接工艺便携手册@Ajin shu guan dao han jie gong yi bian xie shou ce@f柳金海,陈百诚编 |
| 210 | @a北京@c机械工业出版社@d2005.1 | |
| 215 | @a364页@c图@d21cm | |
| 320 | @a有书目 | |
| 330 | @a本书重点介绍管道工程广泛使用的焊条电弧焊接工艺,还介绍了一些技术已经成熟而在施工中尚未普及的焊接方法,以及常遇到的但工程量很少的铜、铝金属焊接。 | |
| 333 | @a阅读对象:各行业的管线工程焊接技术人员 | |
| 606 | 0 | @a金属@Ajin shu@x管道@x焊接工艺@x基本知识 |
| 606 | 0 | @a金属@Ajin shu |
| 606 | 0 | @a管道@Aguan dao |
| 606 | 0 | @a焊接工艺@Ahan jie gong yi |
| 690 | @aTG457.6@v4 | |
| 701 | 0 | @a柳金海@Aliu jin hai@4编 |
| 701 | 0 | @a陈百诚@Achen bai cheng@4编 |
| 801 | 0 | @aCN@bSRXX@c20050908 |
| 905 | @a10447@dTG457.6@eL751 | |
| 金属管道焊接工艺便携手册/柳金海,陈百诚编.-北京:机械工业出版社,2005.1 |
| 364页:图;21cm |
| 使用对象:阅读对象:各行业的管线工程焊接技术人员 |
| ISBN 7-111-15390-1:CNY28.00 |
| 本书重点介绍管道工程广泛使用的焊条电弧焊接工艺,还介绍了一些技术已经成熟而在施工中尚未普及的焊接方法,以及常遇到的但工程量很少的铜、铝金属焊接。 |
| ● |
| 相关链接 |
|
|
|
正题名:金属管道焊接工艺便携手册
索取号:TG457.6/L751
 
预约/预借
| 序号 | 登录号 | 条形码 | 馆藏地/架位号 | 状态 | 备注 |
| 1 | 540665 | 205406657 | 自科库501/501自科库 27排1列3层/ [索取号:TG457.6/L751] | 在馆 | |
| 2 | 540666 | 205406666 | 自科库501/501自科库 27排1列3层/ [索取号:TG457.6/L751] | 在馆 |